La diáspora en la novela Fadúa: La impetuosa doncella de Homs de Edith Chahín Curi : (رقم التسجيلة. 179874)
[ عرض عادي ]
| 000 -LEADER | |
|---|---|
| fixed length control field | 03848namaa22004211i 4500 |
| 003 - CONTROL NUMBER IDENTIFIER | |
| control field | EG-GICUC |
| 005 - أخر تعامل مع التسجيلة | |
| control field | 20260430194517.0 |
| 008 - FIXED-LENGTH DATA ELEMENTS--GENERAL INFORMATION | |
| fixed length control field | 260430s2025 ua a|||frm||| 000 0 eng d |
| 040 ## - CATALOGING SOURCE | |
| Original cataloguing agency | EG-GICUC |
| Language of cataloging | eng |
| Transcribing agency | EG-GICUC |
| Modifying agency | EG-GICUC |
| Description conventions | rda |
| 041 0# - LANGUAGE CODE | |
| Language code of text/sound track or separate title | spa |
| Language code of summary or abstract | spa |
| -- | ara |
| 049 ## - Acquisition Source | |
| Acquisition Source | Deposit |
| 082 04 - DEWEY DECIMAL CLASSIFICATION NUMBER | |
| Classification number | 421.1 |
| 092 ## - LOCALLY ASSIGNED DEWEY CALL NUMBER (OCLC) | |
| Classification number | 421.1 |
| Edition number | 21 |
| 097 ## - Degree | |
| Degree | M.A |
| 099 ## - LOCAL FREE-TEXT CALL NUMBER (OCLC) | |
| Local Call Number | Cai01.02.16.M.A.2025.Sh.D |
| 100 0# - MAIN ENTRY--PERSONAL NAME | |
| Authority record control number or standard number | Shaimaa Nader Adam El Noby, |
| Preparation | preparation. |
| 245 10 - TITLE STATEMENT | |
| Title | La diáspora en la novela Fadúa: La impetuosa doncella de Homs de Edith Chahín Curi : |
| Remainder of title | Estudio analítico / |
| Statement of responsibility, etc. | by Shaimaa Nader Adam El Noby ; Supervions Cat.a. Rasha Mohammed Abboudy |
| 246 15 - VARYING FORM OF TITLE | |
| Title proper/short title | الشتات في رواية فدوى: فتاة حمص المتهورة للكاتبة إديث شاهين كوري : |
| Remainder of title | دراسة نقدية |
| 264 #0 - PRODUCTION, PUBLICATION, DISTRIBUTION, MANUFACTURE, AND COPYRIGHT NOTICE | |
| Date of production, publication, distribution, manufacture, or copyright notice | 2025. |
| 300 ## - PHYSICAL DESCRIPTION | |
| Extent | 119 pages : |
| Other physical details | illustrations ; |
| Dimensions | 25 cm. + |
| Accompanying material | CD. |
| 336 ## - CONTENT TYPE | |
| Content type term | text |
| Source | rda content |
| 337 ## - MEDIA TYPE | |
| Media type term | Unmediated |
| Source | rdamedia |
| 338 ## - CARRIER TYPE | |
| Carrier type term | volume |
| Source | rdacarrier |
| 502 ## - DISSERTATION NOTE | |
| Dissertation note | Thesis (M.A)-Cairo University, 2025. |
| 504 ## - BIBLIOGRAPHY, ETC. NOTE | |
| Bibliography, etc. note | Bibliography: pages 104-107. |
| 520 #3 - SUMMARY, ETC. | |
| Summary, etc. | El presente estudio tiene como objetivo analizar el fenómeno de la <br/>diáspora en la novela: Fadúa: La impetuosa doncella de Homs (2004) de la <br/>escritora chilena de origen sirio Edith Chahín Curi. Esta novela histórica <br/>revela la vida de los sirios durante el período de los otomanos, la <br/>experiencia del ser diaspórico, y los desafíos psicológicos y emocionales <br/>que enfrentan los emigrantes durante el proceso de desplazamiento y, <br/>posteriormente, de adaptación en el país de acogida. La autora describe la <br/>sensación de la diáspora de las familias desarraigadas y sus experiencias <br/>en relación con las circunstancias históricas y sociales de los emigrantes <br/>sirios a Latinoamérica entre los siglos XIX y XX. Haremos un análisis <br/>riguroso del fenómeno de la diáspora en relación con los elementos <br/>narrativos principales como el espacio, el tiempo y los personajes, <br/>empleando las diferentes teorías de los estudios culturales. |
| 520 #3 - SUMMARY, ETC. | |
| Summary, etc. | تهدف هذه الدراسة إلى تحليل ظاهرة الشتات في رواية "فدوى: الفتاة المتهورة من حمص" (2004) للكاتبة التشيلية من أصل سوري، إديث شاهين كوري. تكشف هذه الرواية التاريخية عن حياة السوريين خلال العصر العثماني، وتجربة الشتات، والتحديات النفسية والعاطفية التي يواجهها المهاجرون خلال عملية النزوح، ثم التكيف في البلد المضيف. تصف الكاتبة شعور الشتات لدى العائلات المهجرة وتجاربها في ضوء الظروف التاريخية والاجتماعية للمهاجرين السوريين إلى أمريكا اللاتينية بين القرنين التاسع عشر والعشرين. سنجري تحليلاً دقيقاً لظاهرة الشتات في ضوء العناصر السردية الرئيسية كالمكان والزمان والشخصيات، مستخدمين نظريات متنوعة من الدراسات الثقافية. |
| 530 ## - ADDITIONAL PHYSICAL FORM AVAILABLE NOTE | |
| Issues CD | Issues also as CD. |
| 546 ## - LANGUAGE NOTE | |
| Text Language | Text in English and abstract in Arabic & English. |
| 650 #0 - SUBJECT ADDED ENTRY--TOPICAL TERM | |
| Topical term or geographic name entry element | Spanish language and literature |
| 650 #0 - SUBJECT ADDED ENTRY--TOPICAL TERM | |
| Topical term or geographic name entry element | اللغة الإسبانية وآدابها |
| 653 #1 - INDEX TERM--UNCONTROLLED | |
| Uncontrolled term | diáspora |
| -- | desplazamiento |
| -- | Fadúa |
| -- | La impetuosa doncella de Homs |
| -- | Edith Chahín Curi |
| -- | الشتات |
| -- | النزوح |
| 700 0# - ADDED ENTRY--PERSONAL NAME | |
| Personal name | Rasha Mohammed Abboudy |
| Relator term | thesis advisor. |
| 900 ## - Thesis Information | |
| Grant date | 01-01-2025 |
| Supervisory body | Rasha Mohammed Abboudy |
| Universities | Cairo University |
| Faculties | Faculty of Arts |
| Department | Department of Spanish language and literature |
| 905 ## - Cataloger and Reviser Names | |
| Cataloger Name | Shimaa |
| 942 ## - ADDED ENTRY ELEMENTS (KOHA) | |
| Source of classification or shelving scheme | Dewey Decimal Classification |
| Koha item type | Thesis |
| Edition | 21 |
| Suppress in OPAC | No |
| Source of classification or shelving scheme | Home library | Current library | Date acquired | Inventory number | Full call number | Barcode | Date last seen | Effective from | Koha item type |
|---|---|---|---|---|---|---|---|---|---|
| Dewey Decimal Classification | المكتبة المركزبة الجديدة - جامعة القاهرة | قاعة الرسائل الجامعية - الدور الاول | 30.04.2026 | 93926 | Cai01.02.16.M.A.2025.Sh.D | 01010110093926000 | 30.04.2026 | 30.04.2026 | Thesis |